00641nam a2200193 a 450000100060000000300090000600800410001502000180005604000280007408200170010210000370011924500830015626000360023930000100027565000440028565000410032965000410037065000360041124046CO-ViMGA141112s2004 ck r 000 u spa d a9789587410006 aCO-ViMGAbspacCO-ViMGA04a332.401 A6731 aLlanos Martinez, Marina (et al.)10aAprendiendo a comprender el mundo economico / cMaria Llanos Martinez (et al.) aColombia : bEdiciones Uninorte a184p.14a2 : Economía - ASPECTOS PSICOLOGICOS 14a3 : FAMILI9AS - ASPECTOS ECONOMICOS 14a4 : AHORRO E INVERSION - ENSEÑANZA14aMONEDA - ASPECTOS PSICOLOGICOS